Who Is She? - I Monster - All Lyrics - Statistics

General Stats
  • This quiz has been taken 39 times
  • The average score is 86 of 112
Answer Stats
Answer % Correct
A
100%
a
100%
(A
100%
I
100%
Oh,
100%
(Oh,
100%
who
100%
Ayesha
95%
is
95%
Is
95%
me
95%
me,
95%
she?
95%
she
95%
she?)
95%
she,
95%
memory
86%
memory)
86%
misty
86%
dream?
76%
face
76%
face)
76%
haunting
76%
in
76%
just
76%
love
76%
Am
71%
Or
71%
with
71%
an
62%
the
62%
her
57%
immortal
57%
Immortal
57%
return
57%
to
57%
be
52%
call
52%
across
48%
come
48%
may
48%
mystery
48%
of
48%
theme?
48%
wherever
48%
will
48%
answer
43%
eternally
43%
lost
43%
name
43%
sea
43%
She’ll
43%
Somewhere
43%
embrace?
38%
endless
38%
time
38%
mine
33%
plain
33%
as
29%
such
29%
No matching quizzes found
Score Distribution
Percent of People with Each Score
Percentile by Number Answered
Your Score History
You have not taken this quiz